| 000 -LEADER |
| fixed length control field |
00975nam a2200253Ia 4500 |
| 001 - CONTROL NUMBER |
| control field |
10588 |
| 003 - CONTROL NUMBER IDENTIFIER |
| control field |
GE_BSU |
| 008 - FIXED-LENGTH DATA ELEMENTS--GENERAL INFORMATION |
| fixed length control field |
181216s||||||||xx |||||||||||||| ||und|| |
| 020 ## - INTERNATIONAL STANDARD BOOK NUMBER |
| International Standard Book Number |
9789941171413 |
| 040 ## - CATALOGING SOURCE |
| Transcribing agency |
GE_BSU |
| 080 ## - UNIVERSAL DECIMAL CLASSIFICATION NUMBER |
| Universal Decimal Classification number |
630.111+551(075.8) |
| 100 ## - MAIN ENTRY--PERSONAL NAME |
| Personal name |
მელაძე,მაია |
| 245 ## - TITLE STATEMENT |
| Title |
სატყეო მეტეოროლოგია და კლიმატოლოგია |
| 245 ## - TITLE STATEMENT |
| Remainder of title |
სახელმძღვ.უმაღლ.სასწავლებლების სტუდენტებისათვის |
| 245 ## - TITLE STATEMENT |
| Statement of responsibility, etc. |
რედ:გიორგი გაგოშიძე |
| 260 ## - PUBLICATION, DISTRIBUTION, ETC. |
| Place of publication, distribution, etc. |
თბილისი. |
| 260 ## - PUBLICATION, DISTRIBUTION, ETC. |
| Name of publisher, distributor, etc. |
უნივერსალი. |
| 260 ## - PUBLICATION, DISTRIBUTION, ETC. |
| Date of publication, distribution, etc. |
2011 |
| 300 ## - PHYSICAL DESCRIPTION |
| Extent |
220გვ;20სმ. |
| 300 ## - PHYSICAL DESCRIPTION |
| Other physical details |
ნახ;ცხრლ. |
| 653 ## - INDEX TERM--UNCONTROLLED |
| Uncontrolled term |
სატყეო მეტეოროლოგია; სატყეო კლიმატოლოგია; |
| 942 ## - ADDED ENTRY ELEMENTS (KOHA) |
| Koha item type |
წიგნი |